Planirovanije mechanizacii i avtomatizacii proizvodstva na predprijatii

Gespeichert in:
Bibliographische Detailangaben
1. Verfasser: Ščerbickij, Boris Vasil'jevič
Format: Buch
Sprache:Russisch
Veröffentlicht: Kijev Technika 1984
Ausgabe:1. izd.
Tags: Tag hinzufügen
Keine Tags, Fügen Sie das erste Tag hinzu!

MARC

LEADER 00000nam a2200000 4500
001 c027125
005 20221220090809.2
041 0 |a rus 
044 |a UA 
245 1 0 |a Planirovanije mechanizacii i avtomatizacii proizvodstva na predprijatii  |c Boris Vasil'jevič Ščerbickij 
250 |a 1. izd. 
264 1 |a Kijev  |b Technika  |c 1984 
300 |a 125 s. 
100 1 |a Ščerbickij, Boris Vasil'jevič